|
|
|
|
| LEADER |
00857ncm a22002292a 4500 |
| 001 |
001094459 |
| 003 |
CZ BrMZK |
| 005 |
20110307130633.0 |
| 007 |
qu |
| 008 |
030127s1964 xr f zxx d |
| 040 |
|
|
|a BOA001
|b cze
|c BOA001
|
| 072 |
|
7 |
|a 785
|x Instrumentální hudba. Symfonická hudba. Hudba pro více nástrojů
|2 Konspekt
|9 9
|
| 100 |
1 |
|
|a Šrom, Karel,
|d 1904-1981
|7 jk01131028
|4 cmp
|
| 245 |
1 |
0 |
|a 2. symfonie pro velký orchestr
|h [hudebnina] :
|b (1946-51) : partitura /
|c Karel Šrom ; předmluvu Josef Bachtík
|
| 250 |
|
|
|a 1. vyd.
|
| 260 |
|
|
|a Praha :
|b Státní hudební vydavatelství,
|c 1964
|
| 300 |
|
|
|a 202 s.
|
| 700 |
1 |
|
|a Bachtík, Josef,
|d 1901-1971
|7 jk01010559
|4 wfw
|
| 910 |
|
|
|a BOA001
|b Mus3-0526.900
|
| 990 |
|
|
|a MU
|
| 991 |
|
|
|b 201004
|
| 996 |
6 |
|
|b 2619452882
|c Mus3-0526.900
|l MZK
|r Sklad / do 1 hodiny
|n 0
|w 001120205
|u 000010
|a 1
|e BOA001
|j MZK50
|s P
|